Disaster management for libraries and archives / (Record no. 7056)
[ view plain ]
| 000 -LEADER | |
|---|---|
| fixed length control field | 00955cam a22002652 4500 |
| 001 - CONTROL NUMBER | |
| control field | 0000005710 |
| 005 - DATE AND TIME OF LATEST TRANSACTION | |
| control field | 20151217152004.0 |
| 008 - FIXED-LENGTH DATA ELEMENTS--GENERAL INFORMATION | |
| fixed length control field | 070622s xx 000 0 eng d |
| 020 ## - INTERNATIONAL STANDARD BOOK NUMBER | |
| International Standard Book Number | 0754609170 : |
| 040 ## - CATALOGING SOURCE | |
| Original cataloging agency | KABU |
| Transcribing agency | KABU |
| 050 #0 - LIBRARY OF CONGRESS CALL NUMBER | |
| Classification number | Z679.7 |
| Item number | .D57 |
| 245 10 - TITLE STATEMENT | |
| Title | Disaster management for libraries and archives / |
| Statement of responsibility, etc. | edited by Graham Mathews, John Feather. |
| 260 ## - PUBLICATION, DISTRIBUTION, ETC. (IMPRINT) | |
| Place of publication, distribution, etc. | Aldershot, England : |
| Name of publisher, distributor, etc. | Ashgate publishing, |
| Date of publication, distribution, etc. | 2003. |
| 300 ## - PHYSICAL DESCRIPTION | |
| Extent | xvii, 236 p. |
| 650 #0 - SUBJECT ADDED ENTRY--TOPICAL TERM | |
| Topical term or geographic name as entry element | Libraries |
| General subdivision | Safety measures. |
| -- | 0000156910 |
| 650 #0 - SUBJECT ADDED ENTRY--TOPICAL TERM | |
| Topical term or geographic name as entry element | Archives |
| General subdivision | Safety measures. |
| -- | 0000156911 |
| 650 #0 - SUBJECT ADDED ENTRY--TOPICAL TERM | |
| Topical term or geographic name as entry element | Library materials |
| General subdivision | Conservation and restoration. |
| -- | 0000156912 |
| 650 #0 - SUBJECT ADDED ENTRY--TOPICAL TERM | |
| Topical term or geographic name as entry element | Archival materials |
| General subdivision | Conservation and restoration. |
| -- | 0000156913 |
| 650 #0 - SUBJECT ADDED ENTRY--TOPICAL TERM | |
| Topical term or geographic name as entry element | Emergency management. |
| -- | 0000155026 |
| 700 1# - ADDED ENTRY--PERSONAL NAME | |
| Personal name | Mathews, Graham, |
| Dates associated with a name | 1953. |
| -- | 0000156914 |
| 700 1# - ADDED ENTRY--PERSONAL NAME | |
| Personal name | Feather, John. |
| -- | 0000156677 |
| 908 ## - PUT COMMAND PARAMETER (RLIN) | |
| Put command parameter | 070622 |
| 950 ## - LOCAL HOLDINGS (RLIN) | |
| -- | 1 |
| Withdrawn status | Lost status | Source of classification or shelving scheme | Not for loan | Home library | Current library | Date acquired | Total Checkouts | Full call number | Barcode | Date last seen | Price effective from | Koha item type |
|---|---|---|---|---|---|---|---|---|---|---|---|---|
| Library of Congress Classification | Kabarak, Main Campus | Kabarak, Main Campus | 17/12/2015 | Z679.7 .D57 | 010409 | 17/12/2015 | 17/12/2015 | General Collection | ||||
| Library of Congress Classification | Kabarak, Main Campus | Kabarak, Main Campus | 17/12/2015 | Z679.7 .D57 | 010410 | 05/04/2016 | 17/12/2015 | General Collection |